Las correcciones al Catecismo holandés / (Record no. 175585)

MARC details
000 -LEADER
campo de control de longitud fija 01293nam a2200337 i 4500
001 - NÚMERO DE CONTROL
campo de control 175585
003 - IDENTIFICADOR DE NÚMERO DE CONTROL
campo de control ES-MaACL
005 - FECHA Y HORA DE LA ÚLTIMA TRANSACCIÓN
campo de control 20240421063029.0
007 - CAMPO FIJO DE DESCRIPCIÓN FÍSICA--INFORMACIÓN GENERAL
campo de control de longitud fija t|
008 - DATOS DE LONGITUD FIJA--INFORMACIÓN GENERAL
campo de control de longitud fija 101110s1969 sp r ||||1| spa d
017 ## - NÚMERO DE COPYRIGHT O DE DEPÓSITO LEGAL
Número de copyright o de depósito legal M 23109-1969
Agencia que asigna Oficina Depósito Legal Madrid
040 ## - FUENTE DE CATALOGACIÓN
Centro/agencia transcriptor ES-MaACL
080 ## - NÚMERO DE LA CLASIFICACIÓN DECIMAL UNIVERSAL
Número de la Clasificación Decimal Universal 238.1
100 1# - ENTRADA PRINCIPAL--NOMBRE DE PERSONA
Nombre de persona Dhanis, Édouard
9 (RLIN) 143869
245 10 - MENCIÓN DEL TÍTULO
Título Las correcciones al Catecismo holandés /
Mención de responsabilidad, etc. texto redactado por E. Dhanis, J. Visser y H.J. Fortmann ; prólogo de Laureano Castán Lacoma ; complementos a la edición española por Cándido Pozo.
260 ## - PUBLICACIÓN, DISTRIBUCIÓN, ETC.
Lugar de publicación, distribución, etc. Madrid :
Nombre del editor, distribuidor, etc. [La Editorial Católica],
Fecha de publicación, distribución, etc. 1969.
300 ## - DESCRIPCIÓN FÍSICA
Extensión XXXI, 226 páginas ;
Dimensiones 18 cm.
490 1# - MENCIÓN DE SERIE
Mención de serie Biblioteca de autores cristianos. Ediciones de bolsillo ;
Designación de volumen o secuencia 10
500 ## - NOTA GENERAL
Nota general Índice
630 04 - PUNTO DE ACCESO ADICIONAL DE MATERIA--TÍTULO UNIFORME
Título uniforme Nieuwe Katechismus.
9 (RLIN) 166154
655 #7 - TERMINO DE INDIZACIÓN--GENERO/FORMA
Fuente del término tgfbne
9 (RLIN) 234608
Datos o término principal de género/forma Catecismos
700 0# - ENTRADA AGREGADA--NOMBRE PERSONAL
Nombre de persona Visser, J.
9 (RLIN) 143870
Término indicativo de función/relación Autor
700 1# - ENTRADA AGREGADA--NOMBRE PERSONAL
Nombre de persona Fortmann, H. J.
9 (RLIN) 143871
Término indicativo de función/relación Autor
700 0# - ENTRADA AGREGADA--NOMBRE PERSONAL
Nombre de persona Castán Lacoma, Laureano.
9 (RLIN) 36388
Término indicativo de función/relación Autor de introducción
700 0# - ENTRADA AGREGADA--NOMBRE PERSONAL
Nombre de persona Pozo, Cándido.
9 (RLIN) 93534
Término indicativo de función/relación Autor
830 0# - PUNTO DE ACCESO ADICIONAL DE SERIE-TÍTULO UNIFORME
Título uniforme Biblioteca de autores cristianos. Ediciones de bolsillo ;
Designación de volumen o secuencia 10
9 (RLIN) 182549
852 ## - LOCALIZACIÓN
Ubicación ES-MaACL
Ubicación en estantería Depósito 2
Signatura antigua Olim P-1255
Número de control de estantería E-13477
942 ## - ELEMENTOS DE ENTRADA SECUNDARIOS (KOHA)
Tipo de ítem Koha Libro impreso
Suprimir en OPAC No
Holdings
Estatus retirado Estado de pérdida Fuente del sistema de clasificación o colocación Estado de daño No para préstamo Biblioteca de origen Biblioteca actual Ubicación en estantería Fecha de adquisición Total de préstamos Signatura topográfica completa Código de barras Visto por última vez Tipo de ítem Koha
    Clasificación decimal universal     Biblioteca del Ateneo de Madrid Biblioteca del Ateneo de Madrid Depósito 2 10/11/2010   E-13477 1184371 23/02/2023 Libro impreso